Catálogo público

Sustainable process engineering : (Record no. 104816)

MARC details
000 -CABECERA
campo de control de longitud fija 00854nam a2200277 a 4500
001 - NÚMERO DE CONTROL
campo de control 000108354
003 - IDENTIFICADOR DEL NÚMERO DE CONTROL
campo de control CHAP
005 - FECHA Y HORA DE LA ÚLTIMA TRANSACCIÓN
campo de control 20220329144009.0
008 - DATOS DE LONGITUD FIJA--INFORMACIÓN GENERAL
campo de control de longitud fija 140130s2013 si a |r| |||1|||eng d
010 ## - NÚMERO DE CONTROL DE LA BIBLIOTECA DEL CONGRESO
Número de control de LC 104816
011 ## - ENLACE DEL NUMERO DE CONTROL DE LA BIBLIOTECA DEL CONGRESO [OBSOLETO]
Número de control de LC 105788
020 ## - NÚMERO INTERNACIONAL ESTÁNDAR DEL LIBRO
Número Internacional Estándar del Libro 9789814316781
040 ## - FUENTE DE LA CATALOGACIÓN
Centro/agencia transcriptor CHAP
082 04 - NÚMERO DE LA CLASIFICACIÓN DECIMAL DEWEY
Número de clasificación 658.5
Número de documento/Ítem B83
100 1# - ENTRADA PRINCIPAL--NOMBRE DE PERSONA
Nombre de persona Brennan, David
9 (RLIN) 125313
245 10 - MENCIÓN DE TÍTULO
Título Sustainable process engineering :
Resto del título concepts, strategies, evaluation, and implementation /
Mención de responsabilidad, etc. por David Brennan.
260 ## - PUBLICACIÓN, DISTRIBUCIÓN, ETC.
Lugar de publicación, distribución, etc. Penthouse Level, Singapore :
Nombre del editor, distribuidor, etc. Pan Stanford Publishing,
Fecha de publicación, distribución, etc. c2013.
300 ## - DESCRIPCIÓN FÍSICA
Extensión xxi, 395 p. :
Otras características físicas il., gráfs., diags., tablas.
590 ## - NOTA LOCAL (RLIN)
Nota local E6096MTM
Procedencia (VM) [OBSOLETO] 05
Condición del los carretes individuales (VM) [OBSOLETO] 20140130
-- UCH01
-- 1400
650 14 - PUNTO DE ACCESO ADICIONAL DE MATERIA--TÉRMINO DE MATERIA
Término de materia o nombre geográfico como elemento de entrada Industria química.
9 (RLIN) 57914
650 14 - PUNTO DE ACCESO ADICIONAL DE MATERIA--TÉRMINO DE MATERIA
Término de materia o nombre geográfico como elemento de entrada Ingeniería industrial.
9 (RLIN) 58257
650 14 - PUNTO DE ACCESO ADICIONAL DE MATERIA--TÉRMINO DE MATERIA
Término de materia o nombre geográfico como elemento de entrada Química
Subdivisión general Tecnología.
9 (RLIN) 93574
901 ## - ELEMENTOS DE DATOS A LOCAL LDA (RLIN)
a BK
942 ## - ELEMENTOS DE PUNTO DE ACCESO ADICIONAL (KOHA)
Tipo de ítem Koha Libro
942 ## - ELEMENTOS DE PUNTO DE ACCESO ADICIONAL (KOHA)
Suprimir en OPAC 0
Holdings
Estado de retiro Estado de pérdida Fuente del sistema de clasificación o colocación Estado dañado Restricciones de uso No para préstamo Código de colección Localización permanente Ubicación/localización actual Ubicación en estantería Fecha de adquisición Fuente de adquisición Información codificada de la localización en otra ubicación Total de préstamos Signatura topográfica completa Código de barras Fecha visto por última vez Precio válido a partir de Tipo de ítem Koha Número de copia
    Dewey Decimal Classification   Préstamo 15 días   General Biblioteca Central Biblioteca Central Planta principal - Colección General 30/01/2014 I.c/e LIBRO   658.5 B83 33724002397777 31/12/2019 31/12/2019 Libro  
    Dewey Decimal Classification   Préstamo 15 días   General Biblioteca Central Biblioteca Central Planta principal - Colección General 30/01/2014 I.c/e LIBRO   658.5 B83 33724002397819 31/12/2019 31/12/2019 Libro c.2